Introducción a los mercados de futuros y opciones (Registro nro. 10518)
[ vista simple ]
| 000 -Cabecera | |
|---|---|
| Campo de control de longitud fija | 00983nam a22003977a 4500 |
| 005 - Fecha y hora de la última transacción | |
| Campo de control | 20240315140735.0 |
| 008 - Elementos de longitud fija--Información general | |
| Campo de control de longitud fija | 180403b xxu||||| |||| 00| 0 spa d |
| 020 ## - International Standard Book Number | |
| Número Internacional Estándar del Libro (ISBN) | 9786073222693 |
| 041 ## - Idioma | |
| Código de idioma | Español |
| 082 ## - Clasificación Decimal Dewey | |
| Número de clasificación | 658.83 H913i8 |
| 100 ## - Entrada principal--Autor personal | |
| Nombre personal | C. Hull, John |
| 245 ## - Título propiamente dicho | |
| Título | Introducción a los mercados de futuros y opciones |
| 250 ## - Edición | |
| Mención de edición | 8 edición |
| 260 ## - Pie de imprenta | |
| Lugar de publicación, distribución, etc. | México |
| 260 ## - Pie de imprenta | |
| Nombre del editor, distribuidor, etc. | Pearson Educación |
| 260 ## - Pie de imprenta | |
| Fecha de publicación, distribución, etc. | 2014 |
| 300 ## - Descripción física | |
| Extensión | 624 páginas |
| 505 ## - Nota de contenido | |
| Nota de contenido | Contiene disco compacto N° 789 con el software Deriva Gem |
| 650 ## - Materia general | |
| Temática (materia general) | MERCADOS |
| 650 ## - Materia general | |
| Temática (materia general) | TASAS DE INTERÉS |
| 650 ## - Materia general | |
| Temática (materia general) | PRECIOS |
| 650 ## - Materia general | |
| Temática (materia general) | TITULACIÓN |
| 650 ## - Materia general | |
| Temática (materia general) | CRISIS DE CRÉDITO |
| 650 ## - Materia general | |
| Temática (materia general) | ACCIONES |
| 650 ## - Materia general | |
| Temática (materia general) | ÁRBOLES BINOMIALES |
| 650 ## - Materia general | |
| Temática (materia general) | MODELO BLACK |
| 650 ## - Materia general | |
| Temática (materia general) | SCHOLES |
| 650 ## - Materia general | |
| Temática (materia general) | MERTON |
| 650 ## - Materia general | |
| Temática (materia general) | ÍNDICES BURSÁTILES |
| 650 ## - Materia general | |
| Temática (materia general) | DIVISAS |
| 650 ## - Materia general | |
| Temática (materia general) | LETRAS GRIEGAS |
| 942 ## - Punto de acceso adicional KOHA | |
| Tipo de ítem KOHA | Libro |
| Fuente del sistema de clasificación o colocación | Dewey Decimal Classification |
| Signatura completa | Código de barras | Programa Académico | Tipo de ítem |
|---|---|---|---|
| 658.83 H913i8 | 23042 | Libro | |
| 658.83 H913i8 | 23043 | Libro | |
| 789 DC | 789ADC | Disco Compacto | |
| 789 DC | 789BDC | Disco Compacto |